Députés français de la XVIème législature - Statistiques

Statistiques générales
  • Ce quiz a été pris 124 fois
  • Le résultat moyen est 29 sur 197
Statistiques - réponses
Député.e de Parti ou groupe Nom % Correct
Nord PCF Fabien Roussel
77%
Paris EELV Sandrine Rousseau
73%
Val-de-Marne LFI Mathilde Panot
64%
Seine-Saint-Denis LFI Alexis Corbière
62%
Seine-et-Marne PS Olivier Faure
59%
Nord LFI Adrien Quatennens
57%
Val-de-Marne LFI Louis Boyard
57%
Puy-de-Dôme PCF André Chassaigne
51%
Paris LFI Danièle Obono
51%
Seine-Saint-Denis LFI Clémentine Autain
49%
Somme App.LFI François Ruffin
49%
Bouches-du-Rhône LFI Manuel Bompard
49%
Seine-Saint-Denis LFI Raquel Garrido
49%
Val-de-Marne LFI Rachel Keke
48%
Val-de-Marne LFI Clémence Guetté
44%
Paris EELV Julien Bayou
40%
Seine-Saint-Denis LFI Eric Coquerel
39%
Marne LIOT-divers Charles de Courson
36%
Essonne LFI Antoine Léaument
35%
Paris LFI-REV Aymeric Caron
35%
Landes PS Boris Vallaud
32%
Deux-Sèvres Delphine Batho
30%
Paris LFI Danielle Simmonet
29%
Yvelines G.s Benjamin Lucas
28%
Bouches-du-Rhône LFI Sébastien Delogu
28%
Seine-Maritime PCF Sébastien Jumel
27%
Nord LFI David Guiraud
26%
Paris LFI Sophia Chikirou
26%
Nord LFI Ugo Bernalicis
26%
Hauts-de-Seine PCF Elsa Faucillon
25%
Seine-Saint-Denis PCF Stéphane Peu
25%
Val-d'Oise ND Aurélien Taché
24%
Tarn-et-Garonne PS Valérie Rabault
24%
Meurthe-et-Moselle LFI Caroline Fiat
23%
Essonne PS Jérôme Guedj
23%
Rhône EELV Marie-Charlotte Garin
23%
Isère EELV Cyrielle Chatelain
22%
Dordogne G.s Sébastien Peytavie
21%
Isère LFI Élisa Martin
20%
Dordogne LFI Pascale Martin
20%
Seine-Saint-Denis LFI Thomas Portes
20%
Paris EELV Éva Sas
19%
Ariège LFI Bénédicte Taurine
18%
Seine-Maritime PCF Hubert Wulfranc
18%
Eure PS Philippe Brun
18%
Seine-Maritime LFI Alma Dufour
16%
Calvados PS Arthur Delaporte
16%
Seine-Saint-Denis LFI Aurélie Trouvé
16%
Val d'Oise LFI Carlos Martens Bilongo
16%
Val d'Oise Horizons Naïma Moutchou
16%
Cher PCF Nicolas Sansu
16%
Meuse LIOT-divers Bertrand Pancher
15%
Puy-de-Dôme PS Christine Pirès-Beaune
15%
Mayenne PS Guillaume Garot
15%
Bouches-du-Rhône LFI Hendrik Davi
15%
Seine-Maritime PCF Jean-Paul Lecoq
15%
Réunion GDR-ultramarin Karine Lebon
15%
Corse-du-Sud Horizons Laurent Marcangeli
15%
Gironde LFI Loïc Prud'homme
15%
Paris LFI Sarah Legrain
15%
Finistère PS Mélanie Thomin
14%
Seine-Saint-Denis LFI Nadège Abomangoli
14%
Val-de-Marne G.s Sophie Taillé-Polian
14%
Seine-et-Marne LFI Ersilia Soudais
13%
Mayotte LIOT-ultramarin Estelle Youssouffa
13%
Réunion LFI-ultramarin Jean-Hugues Ratenon
13%
Drôme EELV Marie Pochon
13%
Bouches-du-Rhône PCF Pierre Dharréville
13%
Bas-Rhin EELV Sandra Regol
13%
Polynésie GDR-ultramarin Tematai Le Gayic
13%
Seine-Saint-Denis LFI Bastien Lachaud
12%
Indre-et-Loire EELV Charles Fournier
12%
Réunion GDR-ultramarin Emeline K/Bidi
12%
Haute-Garonne LFI Hadrien Clouet
12%
Morbihan LIOT-régionaliste Paul Molac
12%
Manche PS Anna Pic
11%
Hauts-de-Seine LFI Aurélien Saintoul
11%
Haute-Garonne LFI Christophe Bex
11%
Bas-Rhin LFI Emmanuel Fernandes
11%
Pyrénées-Atlantiques PS Iñaki Echaniz
11%
Gironde EELV Nicolas Thierry
11%
Creuse LFI Catherine Couturier
10%
Essonne LFI Farida Amrani
10%
Rhône Hubert Julien-Laferrière
10%
Guyane GDR-ultramarin Jean-Victor Castor
10%
Isère EELV Jérémie Iordanoff
10%
Seine-Saint-Denis LFI-POI Jérôme Legavre
10%
Loire-Atlantique EELV Julie Laernoes
10%
Alpes-de-Haute-Provence LFI Léo Walter
10%
Polynésie GDR-ultramarin Moetai Brotherson
10%
Paris LFI Rodrigo Arenas
10%
Loire-Atlantique LFI Ségolène Amiot
10%
Seine-Saint-Denis PCF Soumya Bourouaha
10%
Gironde PS Alain David
9%
Val d'Oise LFI Arnaud Le Gall
9%
Pas-de-Calais PS Bertrand Petit
9%
Moselle LFI Charlotte Leduc
9%
Ille-et-Vilaine PS Claudia Rouaux
9%
Guyane GDR-ultramarin Davy Rimane
9%
Nord LIOT-UDI Guy Bricout
9%
Pas-de-Calais PCF Jean-Marc Tellier
9%
Martinique LFI-ultramarin Jean-Philippe Nilor
9%
Vienne EELV Lisa Belluco
9%
Val d'Oise LFI Paul Vannier
9%
Saône-et-Loire PS Cécile Untermaier
8%
Haut-Rhin Horizons Didier Lemaire
8%
Haute-Garonne LFI François Piquemal
8%
Seine-Maritime PS Gérard Leseul
8%
Savoie LFI Jean-François Coulomme
8%
Haute-Vienne LFI Manon Meunier
8%
Puy-de-Dôme LFI Marianne Maximi
8%
Sarthe PS Marietta Karamanli
8%
Haute-Corse LIOT-rég.Corse Michel Castellani
8%
Ille-et-Vilaine PS Mickaël Bouloux
8%
Haute-Garonne EELV Christine Arrighi
7%
Meurthe-et-Moselle PS Dominique Potier
7%
Ardèche PS Hervé Saulignac
7%
Val-de-Marne PS Isabelle Santiago
7%
Finistère App.Horizons Jean-Charles Larsonneur
7%
Loire-Atlantique EELV Jean-Claude Raux
7%
Haute-Corse LIOT-rég.Corse Jean-Félix Acquaviva
7%
Haute-Garonne PS Joël Aviragnet
7%
FÉHDF G.s Karim Ben Cheïkh
7%
Aveyron LFI Laurent Alexandre
7%
Ille-et-Vilaine LFI Mathilde Hignet
7%
Côtes-d'Armor LFI Murielle Lepvraud
7%
Hérault LFI Nathalie Oziol
7%
Corse-du-Sud LIOT-rég.Corse Paul-André Colombani
7%
Nord Horizons Paul Christophe
7%
Marne Horizons Xavier Albertini
7%
Allier PCF Yannick Monnet
7%
Loire LFI Andrée Taurinya
6%
Loire-Atlantique LFI Andy Kerbrat
6%
Guadeloupe App.PS-ultramarin Christian Baptiste
6%
Vosges LIOT-UDI Christophe Naegelen
6%
Haute-Vienne LFI Damien Maudet
6%
Seine-Saint-Denis PS Fatiha Keloua-Hachi
6%
Nord Horizons Félicie Gérard
6%
Hauts-de-Seine EELV Francesca Pasquini
6%
Indre Horizons François Jolivet
6%
Réunion GDR-ultramarin Frédéric Maillot
6%
Ille-et-Vilaine LFI Frédéric Mathieu
6%
Rhône LFI Gabriel Amard
6%
Martinique GDR-ultramarin Jiovanny William
6%
Martinique GDR-ultramarin Marcellin Nadeau
6%
Isère PS Marie-Noëlle Battistel
6%
Réunion LIOT-ultramarin Nathalie Bassire
6%
Guadeloupe LIOT-ultramarin Olivier Serva
6%
Réunion LFI-ultramarin Perceval Gaillard
6%
Réunion App.PS-ultramarin Philippe Naillet
6%
Alpes-Martimes Horizons Philippe Pradal
6%
Lozère LIOT-UDI Pierre Morel-À-L'Huissier
6%
Hauts-de-Seine EELV Sabrina Sebaihi
6%
Hérault LFI Sébastien Rome
6%
Seine-Maritime Horizons Agnès Firmin-Le Bodo
5%
Haute-Garonne LFI Anne Stambach-Terrenoir
5%
Nord LIOT-UDI Béatrice Descamps
5%
Sarthe LFI Élise Leboucher
5%
Belfort LFI Florian Chauche
5%
Moselle Horizons Isabelle Rauch
5%
Ardennes LIOT-UDI Jean-Luc Warsmann
5%
Meurthe-et-Moselle LFI Martinne Étienne
5%
Loire-Atlantique LFI Matthias Tavel
5%
Gard LFI Michel Sala
5%
Nord PS Roger Vicot
5%
Bas-Rhin Horizons Stéphanie Kochert
5%
Polynésie GDR-ultramarin Steve Chailloux
5%
Eure-et-Loir | Ille-et-Vilaine Horizons Thierry Benoit
5%
Bas-Rhin Horizons Vincent Thiébaut
5%
Yvelines LFI William Martinet
5%
Mayenne Horizons Yannick Favennec-Bécot
5%
Guadeloupe App.PS-ultramarin Elie Califer
4%
Rhône LFI Idir Boumertit
4%
Tarn LFI Karen Erodi
4%
Seine-et-Marne LFI Maxime Laisney
4%
Guadeloupe LIOT-ultramarin Max Mathiasin
4%
Haute-Vienne PS Stéphane Delautrette
4%
Hérault LFI Sylvain Carrière
4%
Charente Horizons Thomas Mesnier
4%
Morbihan Horizons Anne Le Hénanff
3%
Vendée Horizons Béatrice Bellamy
3%
Orne PS Chantal Jourdan
3%
Seine-et-Marne Horizons Frédéric Valletoux
3%
Indre-et-Loire Horizons Henri Alfandari
3%
Calvados Horizons Jérémie Patrier-Leitus
3%
Martinique App.PS-ultramarin Johnny Hajjar
3%
Marne Horizons Lise Magnier
3%
Cher Horizons Loïc Kervran
3%
Seine-Maritime Horizons Marie-Agnès Poussier-Winsback
3%
Hautes-Pyrénées LFI Sylvie Ferrer
3%
Yonne Horizons André Villiers
2%
Haute-Savoie Horizons Anne-Cécile Violland
2%
Maine-et-Loire Horizons François Gernigon
2%
Saint-Pierre et Miquelon LIOT-ultramarin Stéphane Lenormand
2%
Haute-Garonne App.Horizons Jean-François Portarrieu
1%
Charente-Maritime Horizons Christophe Placard
0%
Aucun quiz correspondant
Distribution des résultats
% des personnes avec chaque résultat
Percentile par nombre de réponses
Votre historique - résultats
Vous n’avez pas pris ce quiz